IV jornada de direito civil / (Record no. 1500)

MARC details
000 -LÍDER
Campo Fixo de Controle 01093nam a2200313 a 4500
001 - NÚMERO DE CONTROLE
Campo de Controle 1500
003 - IDENTIFICAÇÃO DO NÚMERO DE CONTROLE
Campo de Controle BR-CuiBMT
005 - DATA E HORA DA ÚLTIMA ATUALIZAÇÃO
Campo de Controle 20231213143344.0
008 - DADOS FIXOS
Dados Fixos 231211s2007 dfb 101 0 por d
020 ## - INTERNATIONAL STANDARD BOOK NUMBER
Nº do ISBN 9788585572839
040 ## - AGÊNCIA CATALOGADORA
Código da Agência Catalogadora BR-CuiBMT
Agência que transcreveu o registro BR-CuiBMT
080 ## - Nº DA CLASSIFICAÇÃO DECIMAL UNIVERSAL
Nº Class. CDU 347
Nº edição CDU 2007
090 ## - NÚMERO DE CHAMADA
Nº classificação 347
Cutter J82i
111 1# - ENTRADA PRINCIPAL -- EVENTO
Nome do evento ou lugar Jornada de Direito Civil
Número da parte/seção do evento (4. :
Data da realização do evento 2007 :
Local de realização do evento Brasília, DF)
245 10 - TÍTULO PRINCIPAL
Título principal IV jornada de direito civil /
Indicação de responsabilidade (organização) Ruy Rosado de Aguiar Jr.
246 ## - FORMAS VARIANTES DO TÍTULO
Título principal Quarta Jornada de Direito Civil
260 ## - PUBLICAÇÃO, DISTRIBUIÇÃO, ETC.
Local de publicação Brasília :
Editora Cento de Estudos Judiciários,
Data 2007.
300 ## - DESCRIÇÃO FÍSICA
N. páginas ou volumes 2 v. ;
Dimensões 30 cm
504 ## - NOTA DE BIBLIOGRAFIA, ETC.
Nota de bibliografia Inclui bibliografia e índice.
650 ## - ASSUNTO TÓPICO
Cabeçalho tópico ou nome geográfico Direito civil
Subdivisão geográfica Brasil
Subdivisão de forma Congressos
650 ## - ASSUNTO TÓPICO
Cabeçalho tópico ou nome geográfico Direito das obrigações
Subdivisão geográfica Brasil
650 ## - ASSUNTO TÓPICO
Cabeçalho tópico ou nome geográfico Responsabilidade civil
Subdivisão geográfica Brasil
650 ## - ASSUNTO TÓPICO
Cabeçalho tópico ou nome geográfico Direito empresarial
Subdivisão geográfica Brasil
650 ## - ASSUNTO TÓPICO
Cabeçalho tópico ou nome geográfico Direito de família
Subdivisão geográfica Brasil
650 ## - ASSUNTO TÓPICO
Cabeçalho tópico ou nome geográfico Direito das sucessões
Subdivisão geográfica Brasil
700 1# - ENTRADA SECUNDÁRIA -- NOME PESSOAL
Nome pessoal Aguiar Júnior, Ruy Rosado de,
Datas associadas ao nome 1938-
710 1# - ENTRADA SECUNDÁRIA -- ENTIDADE
Nome da entidade ou lugar Conselho da Justiça Federal (Brasil).
Unidade subordinada Centro de Estudos Judiciários.
942 ## - ELEMENTOS DE ENTRADA ADICIONAIS (KOHA)
Fonte de classificação ou esquema de arquivamento Classificação Decimal Universal
Tipo de item do Koha Livros
Holdings
Estado: removido Estado: perdido Fonte de classificação ou esquema de arquivamento Estado: danificado Indisponível para empréstimo Localização permanente Localização atual Data de aquisição Numeração serial ou cronológica (Volume) Total Checkouts Número de Chamada completo Código de barras Date last seen Número do exemplar Preço efetivo a partir de Tipo de item (Koha)
    Classificação Decimal Universal     Biblioteca da Escola Superior de Contas do TCE/MT Biblioteca da Escola Superior de Contas do TCE/MT 23/09/2008 v. 1   347 J82i BIBTCEMT23120405 12/12/2023 Ex. 1 12/12/2023 Livros

Powered by Koha